000 00486nam a2200169Ia 4500
003 OSt
005 20200729095836.0
008 190216s9999||||xx |||||||||||||| ||und||
020 _a8170234654
040 _coclc
082 _a515.9
_bMOO/C
100 _aMoore, Theral O
_93831
245 0 _aComplex Analysis /
_cTheral O Moore ; Edwin H Hadlock
260 _bAllied Publishers,
_c1995.
_aBombay:
300 _a391p
942 _cBK
_2ddc
_h515.9
_iMOO/C
_k515.9
_mMOO/C
999 _c8797
_d8797